L'Aventurier (Jacques Dutronc) - Complétez les paroles - Statistiques

Statistiques générales
  • Ce quiz a été pris 44 fois
  • Le résultat moyen est 10 sur 24
Statistiques - réponses
Paroles % Correct
J'ai été borné à {Bornéo}
68%
J'ai joué aux dames à {Amsterdam}
68%
J'ai eu la berlue à {Berlin}
65%
Et des calculs à {Calcutta}
59%
J'ai été lourdé à {Lourdes}
51%
Et le mort à {Baltimore}
49%
J'ai fait la vie à {Varsovie}
49%
J'ai fait la vie à {Varsovie}
49%
J'ai fait le mort à {Baltimore}
49%
Et malpoli à {Tripoli}
43%
J'ai bu de l'eau à {Bordeaux}
43%
J'ai été errant à {Téhéran}
43%
J'ai fait le rat à {Canberra}
43%
J'ai joué aux dés à {Yaoundé}
43%
J'ai été gentil à {Port}-{Gentil}
41%
J'ai fait des gammes à {Birmingham}
35%
Et au sauna à {Saana}
30%
J'ai été crétin à {Créteil}
27%
J'ai fait l'chasseur à {Kinshasa}
27%
Et la nounou à {Cotonou}
22%
J'ai été pompette à {Papeete}
19%
J'ai fait de la tôle à {Dôle}
19%
J'ai dit tant pis à {Tampico}
14%
J'ai fait l'soldat à {Bogota}
14%
Aucun quiz correspondant
Distribution des résultats
% des personnes avec chaque résultat
Percentile par nombre de réponses
Votre historique - résultats
Vous n’avez pas pris ce quiz